| 000 | 00621nam a22001457a 4500 | ||
|---|---|---|---|
| 005 | 20241126205827.0 | ||
| 008 | 241126b |||||||| |||| 00| 0 eng d | ||
| 020 | _a9780406002754 | ||
| 245 |
_aLaw Reports of the Commonwealth _bCommercial Law 1989 |
||
| 260 |
_aLondon, UK _bLexisNexis Butterworths _c1991 |
||
| 300 |
_axxxix, 993 pages _c24 cm |
||
| 500 | _aGeneral Editors: Read James, S. LL.B. of Gray's Inn, Barrister. Slinn Peter E. MA., PhD., Solicitor, England and Wales. Managing Editor: Edwards Radhika, LL.B. of the Inner Temple, Barrister. | ||
| 650 |
_2Law Reports _xCommonwealth Nations |
||
| 942 |
_2lcc _cBK _n0 |
||
| 999 |
_c1583 _d1583 |
||